Responses for Show #1023 - Wednesday, February 1, 1989

Contestants

[<< previous game]

Eden Rich, a provider relations representative originally from Newburgh, New York

Curt Surls, a law clerk originally from Iowa Falls, Iowa

Garrett Simpson, a public defender from Glendale, Arizona (whose 2-day cash winnings total $43,800)

[next game >>]

Jeopardy! Round responses

WORLD CAPITALS
FURNITURE
THE OLYMPICS
TV COPS
CHICKENS
"A.C."/"D.C."
    $100 1
Brasilia

Eden
    $100 20
Egypt

Eden
    $100 14
(Greg) Louganis

Eden
    $100 6
Starsky

Curt
    $100 11
China

Curt
    $200 2
Oslo

Eden
    $200 21
(Curt: What is Norway?)

Denmark

GarrettCurt
    $900 15
Jesse Owens

Eden
    $200 7
Lacey

Eden
    $200 12
60 lbs.

Curt
    $200 9
dirt cheap

Curt
    $300 3
Lima

Curt
    $300 22
cocktail cabinet

Eden
    $300 19
chariot race

Eden
    $300 8
Dempsey

Triple Stumper
    $300 13
Arkansas

Eden
    $300 10
Apostle's Creed

Triple Stumper
    $400 4
Belgrade

Garrett
    $400 23
(Curt: What is a [*] chair?)
(Alex: Be a little more specific. I'll give you one more shot at it.)

spoon-back chair

Curt
    $400 24
(Garrett: What is 1996?)
(Curt: What is 1998?)

1994

GarrettCurtEden
    $400 17
Joe Friday

Garrett
    $400 16
combs

Triple Stumper
    $500 5
Manila

Curt
    $500 25
(Garrett: What is an ottoman?)

hassock

Garrett
Triple Stumper
    $500 26
Johnny Weissmuller

Garrett
    $500 18
Muldoon

Garrett
    $500 27
[The end-of-round signal sounds.]

bantamweight

Garrett

Scores at the first commercial break (after clue 14):

Garrett Curt Eden
$400 $1,400 $900

Scores at the end of the Jeopardy! Round:

Garrett Curt Eden
$1,600 $1,200 $2,900

Double Jeopardy! Round responses

IN THE OCEAN
SHIPS
MUSICALS
FASHION DESIGNERS
AMERICAN HISTORY
MEDIUM & MESSAGE
    $200 19
the Moon

Curt
    $200 13
navigation

Garrett
    $200 6
Rodgers & Hammerstein

Curt
    $200 26
ponytail

Garrett
    $200 8
Arlington

Garrett
    $200 1
poison pen

Curt
    $400 22
(Curt: What is brine?)

krill

Curt
Triple Stumper
    $400 14
(Garrett: What is the Robert E. Lee?)

Titanic

GarrettEden
    $400 7
(Curt: What is wine?)

champagne

Curt
Triple Stumper
    $400 9
John Tyler

Garrett
    $400 2
by playing the album backwards

Curt
    $1,000 23
hermit crab

Curt
    $600 15
hovercraft

Curt
    $600 16
The Princess and the Pea

Eden
    $600 29
(Curt: What is the Left Bank?)
...
[The end-of-round signal sounds.]

La Rive Gauche

CurtEden
    $2,800 10
(Garrett: What was the Bay Colony & the Boston Colony?)

New Hampshire, Rhode Island & Connecticut

Garrett
    $600 3
encyclical

Garrett
    $800 24
pods

Triple Stumper
    $800 17
flag of convenience

Garrett
    $800 20
Annie Get Your Gun

Triple Stumper
    $800 28
Princess Diana

Eden
    $800 11
Strom Thurmond

Curt
    $800 4
Harry Houdini

Curt
    $1000 25
Jacques Cousteau

Triple Stumper
    $1000 18
(Eden: What's a raft?)

catamaran

Eden
Triple Stumper
    $1000 21
(Garrett: Who was Fred Astaire?)

Ray Bolger

Garrett
Triple Stumper
    $1000 27
(Garrett: Who is Halston?)

Nolan Miller

Garrett
Triple Stumper
    $1000 12
California

Garrett
    $1000 5
Cuba

Triple Stumper

Scores at the end of the Double Jeopardy! Round:

Garrett Curt Eden
-$200 $4,000 $4,300

[wagering suggestions for these scores]

Final Jeopardy! Round responses

THE NOBEL PRIZE
CurtWho is Sakharov
$4,000
EdenWho is Salzhenitzn
$4,001
(Andrei) Sakharov

Final scores:

Garrett Curt Eden
-$200 $8,000 $299
3rd place: Pinseeker golf clubs New champion: $8,000 2nd place: trip to New York in the Catskills

Game dynamics:

Coryat scores:

Garrett Curt Eden
$2,600 $3,600 $3,600
13 R,
6 W
(including 1 DD)
15 R
(including 1 DD),
5 W
14 R
(including 1 DD),
1 W

Combined Coryat: $9,800

[game clues] [game scores] [suggest correction]

Game tape date: 1988-11-01
The J! Archive is created by fans, for fans. Scraping, republication, monetization, and malicious use prohibited; this site may use cookies and collect identifying information. See terms. The Jeopardy! game show and all elements thereof, including but not limited to copyright and trademark thereto, are the property of Jeopardy Productions, Inc. and are protected under law. This website is not affiliated with, sponsored by, or operated by Jeopardy Productions, Inc. Join the discussion at JBoard.tv.